<?xml version="1.0" encoding="UTF-8"?>
<marc:record xmlns:marc="http://www.loc.gov/MARC21/slim">
   <marc:leader>00000nam a2200000 a 4500</marc:leader>
   <marc:datafield ind1=" " ind2=" " tag="653">
      <marc:subfield code="a">Emotion</marc:subfield>
   </marc:datafield>
   <marc:datafield ind1=" " ind2=" " tag="653">
      <marc:subfield code="a">Erlebnispädagogik</marc:subfield>
   </marc:datafield>
   <marc:datafield ind1=" " ind2=" " tag="653">
      <marc:subfield code="a">Basketball</marc:subfield>
   </marc:datafield>
   <marc:datafield ind1=" " ind2=" " tag="653">
      <marc:subfield code="a">Innere Differenzierung</marc:subfield>
   </marc:datafield>
   <marc:datafield ind1=" " ind2=" " tag="653">
      <marc:subfield code="a">Sportspielvermittlung</marc:subfield>
   </marc:datafield>
   <marc:datafield ind1=" " ind2=" " tag="653">
      <marc:subfield code="a">Bewegungsrhythmus</marc:subfield>
   </marc:datafield>
   <marc:datafield ind1=" " ind2=" " tag="653">
      <marc:subfield code="a">Lernförderung durch Bewegung</marc:subfield>
   </marc:datafield>
   <marc:datafield ind1=" " ind2=" " tag="653">
      <marc:subfield code="a">Außerunterrichtlicher Sportunterricht</marc:subfield>
   </marc:datafield>
   <marc:datafield ind1=" " ind2=" " tag="653">
      <marc:subfield code="a">Leistungen bewerten</marc:subfield>
   </marc:datafield>
   <marc:datafield ind1=" " ind2=" " tag="653">
      <marc:subfield code="a">Schulsportfeste</marc:subfield>
   </marc:datafield>
   <marc:datafield ind1=" " ind2=" " tag="653">
      <marc:subfield code="a">Problemorientiert unterrichten</marc:subfield>
   </marc:datafield>
   <marc:datafield ind1="0" ind2="0" tag="245">
      <marc:subfield code="a">Sportpädagogik 2021 / 03</marc:subfield>
   </marc:datafield>
   <marc:datafield ind1="0" ind2="0" tag="245">
      <marc:subfield code="b">Inklusiven Schulsport entwickeln</marc:subfield>
   </marc:datafield>
   <marc:datafield ind1="0" ind2="0" tag="245">
      <marc:subfield code="c">. </marc:subfield>
   </marc:datafield>
   <marc:datafield ind1=" " ind2="1" tag="264">
      <marc:subfield code="a">Seelze</marc:subfield>
      <marc:subfield code="b">Friedrich Verlag</marc:subfield>
      <marc:subfield code="c">2021</marc:subfield>
   </marc:datafield>
   <marc:datafield ind1=" " ind2=" " tag="250">
      <marc:subfield code="a">2021 / 03</marc:subfield>
   </marc:datafield>
   <marc:datafield ind1="1" ind2=" " tag="520">
      <marc:subfield code="a">&lt;br/&gt;Mit Sport Schule machen!&lt;br/&gt;&lt;br/&gt;sportpädagogik ist die führende Fachzeitschrift: orientierend für Referendare und Berufseinsteiger, Impulsgeber für den Sportunterricht, Leitmedium in der Aus- und Fortbildung.&lt;br/&gt;&lt;br/&gt;Die ideale Verbindung von Praxis und Theorie: sportpädagogik bietet Ihnen Anregung und Orientierung: Sinnvolle Inhalte, verknüpft mit zeitgemäßen Methoden, angereichert mit Arbeitskarten, Aufbauplänen und Fotostrecken. sportpädagogik liefert Ihnen Basiswissen für alle wichtigen Inhaltsbereiche, immer fundiert geplant und reflektiert auf den Punkt gebracht. Erfahrene Praktiker sichern gemeinsam mit ausgewiesenen Fachdidaktikern die hohe Qualität der Beiträge.&lt;br/&gt;&lt;br/&gt;Klassenstufe: Klasse 1–13&lt;br/&gt; &lt;br/&gt;&lt;br/&gt;    Richtungweisende Unterrichtsmodelle für alle Jahrgänge&lt;br/&gt;    Das Know-how der führenden Fachdidaktiker für Ihren Unterrichtsalltag&lt;br/&gt;    Innovative, leicht übertragbare Unterrichtseinheiten mit Material&lt;br/&gt;    Digitale Ausgabe und Unterrichtsmaterial zum Download&lt;br/&gt;&lt;br/&gt;Das Abonnement enthält:&lt;br/&gt;&lt;br/&gt;    6 Ausgaben im Jahr&lt;br/&gt;    die Abonnenten-Extras Friedrich Jahresheft und das Magazin SCHÜLER&lt;br/&gt;    40 % Preisvorteil gegenüber dem Einzelverkauf&lt;br/&gt;&lt;br/&gt;</marc:subfield>
   </marc:datafield>
   <marc:datafield ind1=" " ind2=" " tag="022">
      <marc:subfield code="a">01714953</marc:subfield>
   </marc:datafield>
   <marc:datafield ind1=" " ind2=" " tag="041">
      <marc:subfield code="a">ger</marc:subfield>
   </marc:datafield>
   <marc:datafield ind1="1" ind2=" " tag="521">
      <marc:subfield code="a">0</marc:subfield>
   </marc:datafield>
</marc:record>
